000
00212nam a2200109Ia 4500
100
_a
#N/A
650
_a
Computer/ IT
942
_c
BK
245
_a
Virtual Reality technology
260
_b
#N/A
546
_a
ENGLISH
999
_c
23731
_d
23731